| 000 | 01021nam a22002777a 4500 | ||
|---|---|---|---|
| 999 |
_c6721 _d6721 |
||
| 003 | AR-CdUCM | ||
| 008 | 190319b ||||| |||| 00| 0 spa d | ||
| 020 | _a84-205-0539-0 | ||
| 020 | _a0-7135-1750-6 | ||
| 040 |
_aMUNICIPALIDAD PROVINCIAL DEL CUSCO _cBIBLIOTECA MUNICIPAL DEL CUSCO |
||
| 082 |
_a508 / _bT22 |
||
| 100 |
_aTarling, D. H. _918915 |
||
| 245 | _aDerivas Continentales / | ||
| 260 |
_aMadrid : _bAlhambra, _c1975. |
||
| 300 |
_a117 paginas ; _bGraficos,trazos, dibujos, ilustraciones, _c20cm. |
||
| 440 |
_aExedra - ciencia tecnica ingenieria _n106 _918916 |
||
| 505 | _aContenido: Evolucion de la teoria -- rompecabezas -- imagen del rompecabeza -- vida y circunstancias ambiantales -- antiguos climas -- magnetismo antiguo... | ||
| 650 |
_aGeologia _917044 |
||
| 650 |
_aCircunstancias ambientales _918917 |
||
| 650 |
_aOceanicos _918918 |
||
| 650 |
_aLibro de enseƱanza _918919 |
||
| 700 |
_aTarling, M. P. _918920 |
||
| 700 |
_aRios Garcia, J. M. _918921 |
||
| 942 |
_2ddc _cLIBROS |
||
| 945 | _apjha | ||